| 000 | 00814nam a2200205Ii 4500 | ||
|---|---|---|---|
| 003 | JO-AjNU | ||
| 008 | 230605s9999||||xx |||||||||||||| ||und|| | ||
| 040 |
_aJO-AjNU _bara _erda _cJO-AjNU |
||
| 041 | _aara | ||
| 050 | 1 | 4 | _aPJ8412 1991 |
| 100 | 3 |
_aتقديم وتحقيق الهرامة، عبد الحميد عبدالله, _eauthor _939413 |
|
| 245 | 0 | 0 | _aآثار أبي زيد الفازازي الأندلسي: نصوص أدبية من القرن الهجري السابع جمعها بعض تلاميذه في حياته |
| 250 | _aط1 | ||
| 264 | 3 | 1 | _aبيروت: دار قتيبة، 1991 |
| 300 | _a199ص | ||
| 336 |
_atext _btxt _2rdacontent |
||
| 337 |
_aunmediated _bn _2rdamedia |
||
| 338 |
_avolume _bnc _2rdacarrier |
||
| 650 | 4 |
_aالأدب العربي - تحليل ونقد - تراجم _939414 |
|
| 999 |
_aA16643 _c20211 _d20211 |
||